|
|
|
|
| LEADER |
00624nam a2200193Ia 4500 |
| 001 |
172825 |
| 008 |
170722s9999 xx 000 0 und d |
| 020 |
|
|
|a 8173196443
|
| 100 |
|
|
|a Ahluwalia, V. K.
|
| 245 |
|
|
|a Organic reaction mechanisms /
|
| 250 |
|
|
|a 4th ed.
|
| 260 |
|
|
|a New Delhi :
|b Narosa Publishing House ,
|c 2011.
|
| 300 |
|
|
|a 639 p.
|
| 653 |
|
|
|a Organic Chemistry
|
| 700 |
|
|
|a Parashar , R. K.
|
| 923 |
|
|
|d 20111013
|n V602
|
| 942 |
|
|
|c GEN
|
| 999 |
|
|
|c 145860
|d 145860
|
| 952 |
|
|
|0 0
|1 0
|4 0
|6 E_521_P5Q1
|7 0
|9 206032
|a LIB
|b LIB
|d 2013-03-25
|e Prabhus Books
|l 15
|o E5:21 P5-Q1
|p 284519
|q 2020-04-03
|r 2020-03-04
|s 2020-03-04
|w 2017-08-12
|y GEN
|